000
00373nam a2200133Ia 4500
008
100328s9999 xx 000 0 und d
082
_b
36353
100
_a
सोनार वा.रा.
245
_a
हसरे झुंबर
260
_b
चेतश्री
630
_a
हसरे झुंबर
730
_a
हसरे झुंबर
942
_c
BOOK
999
_c
526041
_d
526038